Religion Quiz

Random Religion or Song Quiz

Lyrics to 'Homesick' by MercyMe Quiz Stats

 Plays Quiz not verified by Sporcle

Support Sporcle.
Go Orange.
Score 0/247 Timer 05:00
0 Plays Today
Answer % Correct
I
96.6%
I
96.6%
I
96.6%
I
96.6%
I
96.6%
I
96.6%
I
96.6%
I
96.6%
I
96.6%
I
96.6%
I
96.6%
a
93.1%
a
93.1%
a
93.1%
the
93.1%
the
93.1%
The
93.1%
the
93.1%
the
93.1%
in
88.8%
And
88.8%
and
88.8%
home.
88.8%
and
88.8%
In
88.8%
And
88.8%
in
88.8%
And
88.8%
and
88.8%
is
87.9%
is,
87.9%
homesick
87.9%
is,
87.9%
homesick
87.9%
is
87.9%
is
87.9%
homesick
87.9%
you.
87.1%
you.
87.1%
you
87.1%
you
87.1%
you
87.1%
you
87.1%
you
87.1%
you
87.1%
you
87.1%
you
87.1%
to
86.2%
my
86.2%
my
86.2%
me
86.2%
to
86.2%
me
86.2%
me,
86.2%
my
86.2%
my
86.2%
me
86.2%
to
86.2%
to
86.2%
To
86.2%
my
86.2%
my
86.2%
me
86.2%
to
86.2%
me
86.2%
to
86.2%
me
86.2%
to
86.2%
I'm
85.3%
be
85.3%
home's
85.3%
I'm
85.3%
of
85.3%
be
85.3%
I'm
85.3%
home's
85.3%
I'm
85.3%
of
85.3%
home's
85.3%
I'm
85.3%
of
85.3%
your
84.5%
your
84.5%
Answer % Correct
your
84.5%
your
84.5%
You're
83.6%
place,
83.6%
for
83.6%
place.
83.6%
so
83.6%
place.
83.6%
So
83.6%
place.
83.6%
I've
82.8%
I've
82.8%
it
82.8%
I've
82.8%
it
82.8%
I've
82.8%
no
82.8%
no
82.8%
it
82.8%
it
82.8%
it
82.8%
I've
82.8%
better
81.9%
heard
81%
times.
81%
times,
81%
why
81%
why
81%
see
81%
If
81%
heart
81%
Lord
81%
more
81%
Lord,
81%
why
81%
if
81%
if
81%
see
81%
If
81%
heart
81%
Lord
81%
more
81%
see
81%
see
81%
see
81%
If
81%
heart
81%
Lord,
81%
more
81%
thousand
80.2%
at
80.2%
thousand
80.2%
then
80.2%
been
80.2%
then
80.2%
been
80.2%
then
80.2%
been
80.2%
reason
79.3%
reason
79.3%
close
79.3%
eyes
79.3%
where
79.3%
out
79.3%
won't
79.3%
give
79.3%
make
79.3%
never
79.3%
than
79.3%
reason
79.3%
close
79.3%
eyes
79.3%
where
79.3%
out
79.3%
won't
79.3%
give
79.3%
make
79.3%
never
79.3%
than
79.3%
close
79.3%
eyes
79.3%
where
79.3%
out
79.3%
Answer % Correct
won't
79.3%
give
79.3%
make
79.3%
Won't
79.3%
give
79.3%
make
79.3%
Won't
79.3%
give
79.3%
make
79.3%
never
79.3%
than
79.3%
But
78.4%
strength
78.4%
But
78.4%
strength
78.4%
strength
78.4%
strength
78.4%
strength
78.4%
rejoiced
77.6%
broken,
77.6%
long
77.6%
face.
77.6%
through
77.6%
somehow.
77.6%
now.
77.6%
face.
77.6%
through
77.6%
somehow.
77.6%
now.
77.6%
face.
77.6%
through
77.6%
somehow.
77.6%
through
77.6%
somehow.
77.6%
through
77.6%
somehow.
77.6%
now.
77.6%
least
76.7%
cry
75%
how
75%
with
75%
there
75%
there
75%
with
75%
are
74.1%
Christ,
71.6%
Christ
71.6%
Jesus
70.7%
must
68.1%
wait
68.1%
don't
68.1%
I'll
68.1%
far
68.1%
I'll
68.1%
that
68.1%
goodbyes.
67.2%
Help
66.4%
understand
66.4%
ways.
66.4%
away
66.4%
from
66.4%
here
65.5%
again.
65.5%
again.
65.5%
cause
64.7%
cause
64.7%
know.
63.8%
hold
63.8%
hurt
62.9%
still
62.9%
still
62.9%
all
62.9%
ever
62.1%
even
62.1%
would
62.1%
onto
61.2%
have
61.2%
showed
60.3%
same
60.3%
wonder
58.6%
end.
55.2%

You're not logged in!

Compare scores with friends on all Sporcle quizzes.
OR
Log In

From the Vault

Remove Ads.
Support Sporcle.
Get the best of Sporcle when you Go Orange. This ad-free experience offers more features, more stats, and more fun while also helping to support Sporcle. Thank you for becoming a member.

Show Comments

Extras

Top Quizzes Today


Score Distribution

Your Account Isn't Verified!

In order to create a playlist on Sporcle, you need to verify the email address you used during registration. Go to your Sporcle Settings to finish the process.

Report this User

Report this user for behavior that violates our Community Guidelines.

Details: